LEADER 01065cas--2200361---450- 001 990001040100203316 005 20120418095343.0 011 $a1120-1010 035 $a0104010 035 $aUSA010104010 035 $a(ALEPH)000104010USA01 035 $a0104010 100 $a20020318d--------km-y0itay0103----ba 101 $aita 102 $aIT 110 $aafa-------- 200 1 $aLitterae Communionis$erivista mensile di Comunione e Liberazione 210 $aMilano$cCoop. Edit. Nuovo Mondo 215 $av$d27 cm 326 $aMensile 606 0 $aAssociazioni religiose$xPeriodici 676 $a055 801 0$aIT$bsalbc$gISBD 912 $a990001040100203316 958 $aECO$bFondo$c1979-1993.$l1979-1980; 1982-1983; 1990-1992; 959 $aSE 979 $aPATTY$b90$c20020318$lUSA01$h1603 979 $c20020403$lUSA01$h1744 979 $aPATRY$b90$c20040406$lUSA01$h1712 979 $aVITTORIANA$b90$c20110316$lUSA01$h1058 979 $aVITTORIANA$b90$c20120418$lUSA01$h0953 996 $aLitterae Communionis$9976671 997 $aUNISA LEADER 01915nam 2200481Ia 450 001 9910700752203321 005 20110727120535.0 035 $a(CKB)5470000002411485 035 $a(OCoLC)743073308 035 $a(EXLCZ)995470000002411485 100 $a20110727d2011 ua 0 101 0 $aeng 135 $aurcn||||||||| 181 $ctxt$2rdacontent 182 $cc$2rdamedia 183 $acr$2rdacarrier 200 10$aPropulsion controls and diagnostics research in support of NASA aeronautics and exploration mission programs$b[electronic resource] /$fSanjay Garg 210 1$aCleveland, Ohio :$cNational Aeronautics and Space Administration, Glenn Research Center,$d[2011] 215 $a1 online resource (23 pages) $ccolor illustrations 225 1 $aNASA/TM ;$v2011-216939 300 $aTitle from title screen (viewed on July 27, 2011). 300 $a"January 2011." 300 $a"Prepared for the 46th Joint Propulsion Conference and Exhibit cosponsored by the AIAA, ASME, SAE, and ASEE, Nashville, Tennessee, July 25-28, 2010." 300 $a"AIAA-2010-6747." 606 $aAerospace industry$2nasat 606 $aNASA programs$2nasat 606 $aPropulsion system performance$2nasat 606 $aTurbofan engines$2nasat 606 $aEngine control$2nasat 615 7$aAerospace industry. 615 7$aNASA programs. 615 7$aPropulsion system performance. 615 7$aTurbofan engines. 615 7$aEngine control. 700 $aGarg$b Sanjay$c(Aerospace engineer)$01386527 712 02$aNASA Glenn Research Center. 712 12$aAIAA/ASME/SAE/ASEE Joint Propulsion Conference$d(46th :$f2010 :$eNashville, Tenn.) 801 0$bGPO 801 1$bGPO 906 $aBOOK 912 $a9910700752203321 996 $aPropulsion controls and diagnostics research in support of NASA aeronautics and exploration mission programs$93528274 997 $aUNINA